<?xml version="1.0" encoding="UTF-8"?>
<collection xmlns="http://www.loc.gov/MARC21/slim">
 <record>
  <leader>00798pamaa2200205   4500</leader>
  <controlfield tag="001">0000042063</controlfield>
  <controlfield tag="005">20070605090000.0</controlfield>
  <controlfield tag="008">0700605         my                  eng  </controlfield>
  <datafield tag="020" ind1="0" ind2="0">
   <subfield code="a">9783131252210 (pbk.) </subfield>
  </datafield>
  <datafield tag="090" ind1="0" ind2="0">
   <subfield code="a">RM184.5 </subfield>
   <subfield code="b">COL 2001</subfield>
  </datafield>
  <datafield tag="100" ind1="1" ind2="0">
   <subfield code="a">Hecker </subfield>
  </datafield>
  <datafield tag="245" ind1="1" ind2="0">
   <subfield code="a">COLOR atlas of acupuncture : </subfield>
   <subfield code="b">body points, ear points, trigger points  </subfield>
   <subfield code="c">Hans-Ulrich Hecker ... [et al.]; </subfield>
   <subfield code="f">with the collaboration of Stefan Kopp, Gustav Peters, Michael Hammes.</subfield>
  </datafield>
  <datafield tag="260" ind1="0" ind2="0">
   <subfield code="a">Stuttgart, New York: </subfield>
   <subfield code="b">Thieme, </subfield>
   <subfield code="c">2001.</subfield>
  </datafield>
  <datafield tag="300" ind1=" " ind2=" ">
   <subfield code="a">xvill: </subfield>
   <subfield code="b">col.ill; </subfield>
   <subfield code="c">19 cm.</subfield>
  </datafield>
  <datafield tag="504" ind1="0" ind2="0">
   <subfield code="a">Includes bibliographical references (p. 256-258) and index</subfield>
  </datafield>
  <datafield tag="650" ind1="0" ind2="0">
   <subfield code="a">Acupuncture -- </subfield>
   <subfield code="x">Atlases </subfield>
  </datafield>
  <datafield tag="650" ind1="0" ind2="0">
   <subfield code="a">Acupuncture Points -- </subfield>
   <subfield code="x">Atlases </subfield>
  </datafield>
  <datafield tag="700" ind1="1" ind2="1">
   <subfield code="a">Steveling, </subfield>
   <subfield code="h">Angelika </subfield>
  </datafield>
  <datafield tag="700" ind1="1" ind2="1">
   <subfield code="a">Peuker, </subfield>
   <subfield code="h">Elmar </subfield>
  </datafield>
  <datafield tag="901" ind1=" " ind2=" ">
   <subfield code="u">http://www.thieme.com</subfield>
  </datafield>
 </record>
</collection>
